Effect of supplement bean sprout on implementation of CP in growth rate avian broiler at royal university of agriculture, ឥទ្ធិពលនៃកាបន្ថែមសណ្តែកបណ្តុះលើចំណីផ្សំក្រុមហ៊ុន ស៊ីភីក្នុងការលូតលាស់មាន់សាច់ពូជ AVIAN នៅស្ថានីយ៍ចិញ្ចឹមសត្វនៃសាកលវិទ្យាល័យភូមិន្ធកសិកម្ម. (Record no. 2267)

000 -LEADER
fixed length control field 00879nam a22001577a 4500
003 - CONTROL NUMBER IDENTIFIER
control field OSt
005 - DATE AND TIME OF LATEST TRANSACTION
control field 20151009090029.0
008 - FIXED-LENGTH DATA ELEMENTS--GENERAL INFORMATION
fixed length control field 151009b xxu||||| |||| 00| 0 eng d
040 ## - CATALOGING SOURCE
Transcribing agency RUA
082 ## - DEWEY DECIMAL CLASSIFICATION NUMBER
Classification number AVM KHI 2008 B070 Or.1
100 ## - MAIN ENTRY--PERSONAL NAME
9 (RLIN) 2409
Personal name KHIN, VONG.
245 ## - TITLE STATEMENT
Title Effect of supplement bean sprout on implementation of CP in growth rate avian broiler at royal university of agriculture, ឥទ្ធិពលនៃកាបន្ថែមសណ្តែកបណ្តុះលើចំណីផ្សំក្រុមហ៊ុន ស៊ីភីក្នុងការលូតលាស់មាន់សាច់ពូជ AVIAN នៅស្ថានីយ៍ចិញ្ចឹមសត្វនៃសាកលវិទ្យាល័យភូមិន្ធកសិកម្ម.
260 ## - PUBLICATION, DISTRIBUTION, ETC. (IMPRINT)
Place of publication, distribution, etc. phnom phen
Name of publisher, distributor, etc. RUA
Date of publication, distribution, etc. 2008
300 ## - PHYSICAL DESCRIPTION
Extent XI,45p.
Other physical details ill.
Dimensions 29cm.
942 ## - ADDED ENTRY ELEMENTS (KOHA)
Source of classification or shelving scheme
Koha item type AVM
Holdings
Price effective from Date last seen Permanent Location Not for loan Date acquired Source of classification or shelving scheme Koha item type Lost status Withdrawn status Date last checked out Total Checkouts Shelving location Damaged status Barcode Current Location Full call number
2015-10-092015-10-09Library Block B 2015-10-09 AVM    B082 RUA007857Library Block BAVM KHI 2008 B082 Or.1
2015-10-092015-10-09Library Block B 2015-10-09 AVM    B082 RUA007785Library Block BAVM KHI 2008 B082 Or.2
2015-10-092015-10-09Library Block B 2015-10-09 AVM    B082 RUA007823Library Block BAVM KHI 2008 B070 Or.3
2015-10-092015-10-09Library Block B 2015-10-09 AVM    B082 RUA019648Library Block BAVM KHI 2008 B082 Or.4
2015-10-092015-10-09Library Block B 2015-10-09 AVM    B082 RUA019140Library Block BAVM KHI 2008 B082 Or.5
2015-10-092018-06-06Library Block B 2015-10-09 AVM  2018-05-021B082 RUA009716Library Block BAVM KHI 2008 B082 Or.6
2015-10-092015-10-09Library Block B 2015-10-09 AVM    B082 RUA009497Library Block BAVM KHI 2008 B082 Or.7
2015-10-092023-04-05Library Block B 2015-10-09 AVM  2023-03-291B082 RUA025170Library Block BAVM KHI 2008 B082 Or.8
2015-10-092025-01-03Library Block B 2015-10-09 AVM  2024-12-202B082 RUA025254Library Block BAVM KHI 2008 B082 Or.9
មជ្ឈមណ្ឌលឯការនៃសាកលវិទ្យាល័យភូមិន្ទកសិកម្មចំការដូង

Powered by Koha